| 000 | 00542cam a2200193ua 4500 | ||
|---|---|---|---|
| 020 | _c80.00 | ||
| 041 |
_aeng _h |
||
| 082 |
_a005.133 _bMOT/CO |
||
| 100 | _aMotewar, S N . | ||
| 245 |
_aCourse in computer programming ( fortran-4) with numerical techniques: introduction to Fortran 77 / _cS N Motewar. _hTextual Documents |
||
| 250 |
_a2 / _b. |
||
| 260 |
_aDelhi : _bDhanpath Rai and sons , _c1990. |
||
| 300 | _a962 ; . | ||
| 365 | _a80.00 | ||
| 504 | _a | ||
| 700 | 1 | _aDomkundwar, S . | |
| 942 | _cBK | ||
| 999 |
_c9670 _d9670 |
||